02644nam a2200337Ia 4500001000700000003000900007005001700016007001500033008004100048020001800089020003400107040003900141041000800180100003700188100003600225245005600261250002100317260006000338300004000398500015100438505063800589520078401227650003502011650002202046650002502068655003302093856004702126942001202173999001902185952010202204107188DR-UNIBE20250313091051.0cr nn 008mamaa200806b2018 mx |||||s|||| 00| 0 spa d a9781456260941 a9781456261658 (electrónico) aBIBLIOTECA UNIBEcBIBLIOTECA UNIBE aspa aÇengel, Yunus A.eautor916599 aCimbala, John M.eautor9159398 aMecánica de fluidos : fundamentos y aplicaciones  aCuarta edición aCiudad de México :bMcGraw-Hill Interamericana,c2018 axxi, 996 páginas :bilustraciones aRecurso en línea: Disponible para miembros de UNIBE a través del portal web del CRAI: https://www.unibe.edu.do/biblioteca/libros-electronicos/ a 1. Introducción y conceptos básicos | 2. Propiedades de los fluidos | 3. Presión y estática de fluidos | 4. Cinemática de fluidos | 5. Ecuaciones de Bernoulli y de la energía | 6. Análisis de la cantidad de movimiento de los sistemas de flujo | 7. Análisis dimensional y modelado 8. Flujo en tuberías | 9. Análisis diferencial de flujo de fluidos | 10. Soluciones aproximadas de la ecuación de Navier-Stokes | 11. Flujo externo: arrastre y sustentación | 12. Flujo compresible | 13. Flujo en canal abierto | 14. Turbomaquinária | 15. Introducción a la dinámica de fluidos computacional |  aLa mecánica de fluidos es un tema atractivo y fascinante, con aplicaciones prácticas ilimitadas, que van desde los sistemas biológicos microscópicos hasta los automóviles, los aviones y la propulsión de naves espaciales. La mecánica de fluidos también ha sido históricamente una de las asignaturas más desafiantes para los estudiantes de licenciatura, porque el análisis adecuado de los problemas de mecánica de fluidos no sólo requiere el conocimiento de los conceptos, sino también experiencia e intuición física. Nuestra intención es que este libro, mediante sus cuidadosas explicaciones de los conceptos y su manejo de ejemplos prácticos, esquemas, figuras y fotografías, salve la brecha entre el conocimiento y su aplicación adecuada. a Mecánica de fluidos9171127 aFísica 9171128 aCinemática9171129 aRecurso electrónico942681 uhttps://ezproxy.unibe.edu.do:2069/?il=7013 cEB2ddc c107188d107188 00102ddc708eTEXTaPrincipald2020-09-03l0pEB0114r2020-09-03 00:00:00tEj. 1w2020-09-03yEB